[Event "Niteroi op 3rd"]
[Site "Niteroi"]
[Date "2023.09.05"]
[Round "3"]
[White "Vargas, Victor da Silva"]
[Black "Carneiro, Luis Guilherme Rosa"]
[Result "1-0"]
[WhiteElo "1417"]
[BlackElo "1667"]
[PlyCount "53"]
[EventDate "2023.09.04"]
[EventType "swiss"]
[EventRounds "9"]
[EventCountry "BRA"]
[SourceTitle "EXT 2024"]
[Source "ChessBase"]
[SourceDate "2023.10.10"]
[SourceVersion "1"]
[SourceVersionDate "2023.10.10"]
[SourceQuality "1"]

1. e4 c5 2. Nc3 g6 3. d4 cxd4 4. Qxd4 Nf6 5. Be3 Nc6 6. Qd2 Bg7 7. Bh6 0-0 8. Bd3 Qb6 9. Bxg7 Kxg7 10. h4 Ne5 11. 0-0-0 d6 12. f4 Nxd3+ 13. cxd3 Ng4 14. h5 Nf2 15. Nf3 Nxd1 16. Qxd1 Qe3+ 17. Kb1 Qxf4 18. Nd5 Qg4 19. h6+ Kh8 20. Qd2 Qd7 21. Rf1 f6 22. Ng5 Kg8 23. Qc3 e5 24. Qc4 Kh8 25. Rxf6 Rxf6 26. Nxf6 d5 27. Qc5 1-0

[Event "Niteroi op 2nd"]
[Site "Niteroi"]
[Date "2022.09.03"]
[Round "4"]
[White "Vargas, Victor da Silva"]
[Black "Catalan Gonzalez, Arturo"]
[Result "0-1"]
[WhiteElo "1776"]
[BlackElo "1442"]
[PlyCount "50"]
[EventDate "2022.09.01"]
[EventType "swiss"]
[EventRounds "9"]
[EventCountry "BRA"]
[SourceTitle "CBM 210 Extra"]
[Source "ChessBase"]
[SourceDate "2022.11.30"]
[SourceVersion "1"]
[SourceVersionDate "2022.11.30"]
[SourceQuality "1"]

1. c4 Nf6 2. Nc3 g6 3. g3 c5 4. Bg2 Bg7 5. Nf3 Nc6 6. 0-0 0-0 7. d3 d6 8. a3 Bg4 9. Qc2 Qd7 10. Rb1 Bxf3 11. Bxf3 Nd4 12. Qd1 Nxf3+ 13. exf3 d5 14. Kg2 Rfd8 15. b4 cxb4 16. axb4 dxc4 17. dxc4 Rac8 18. c5 b6 19. Qxd7 Nxd7 20. Ne4 f5 21. Ng5 bxc5 22. Ne6 Re8 23. Nxg7 Kxg7 24. bxc5 Nxc5 25. Ra1 Nb3 0-1

[Event "Niteroi op 2nd"]
[Site "Niteroi"]
[Date "2022.09.02"]
[Round "3"]
[White "Araujo, Barbara Ribeiro"]
[Black "Vargas, Victor da Silva"]
[Result "1-0"]
[WhiteElo "1523"]
[BlackElo "1776"]
[PlyCount "75"]
[EventDate "2022.09.01"]
[EventType "swiss"]
[EventRounds "9"]
[EventCountry "BRA"]
[SourceTitle "CBM 210 Extra"]
[Source "ChessBase"]
[SourceDate "2022.11.30"]
[SourceVersion "1"]
[SourceVersionDate "2022.11.30"]
[SourceQuality "1"]

1. c4 e5 2. g3 c6 3. d4 Bb4+ 4. Bd2 Qa5 5. dxe5 Bxd2+ 6. Qxd2 Qxe5 7. Nf3 Qc7 8. Nc3 Nf6 9. Bg2 0-0 10. 0-0 d6 11. Rac1 h6 12. Rfd1 Rd8 13. Qf4 Qe7 14. e4 Be6 15. b3 Nh5 16. Qe3 Nd7 17. Nd4 Bg4 18. f3 Be6 19. f4 Bg4 20. Re1 c5 21. Ndb5 a6 22. Nc7 Rac8 23. N7d5 Qe6 24. f5 Qe5 25. Kf2 Nhf6 26. h3 Bh5 27. Nxf6+ Nxf6 28. Kg1 d5 29. Nxd5 Rxd5 30. cxd5 b6 31. Rc3 Re8 32. g4 Bxg4 33. hxg4 Nxg4 34. Qg3 Qd4+ 35. Rce3 Nxe3 36. Qxe3 Qb2 37. e5 f6 38. e6 1-0